Organic Foods in European Union: The Brief Case of Organic Farming, Consumption, Distribution and Import of Organic Foods

Stručná charakterizácia ekologického poľnohospodárstva, spotreby, distribúcie a dovozu biopotravín vo vybraných krajinách Európskej únie. Použité metódy analýzy a syntézy. Princípy eko-poľnohospodárstva.

Saved in:
Bibliographic Details
Main Author: Jarossová, Malgorzata Agnieszka, 1978-
Format: Book Chapter
Language:English
Subjects:
Tags: Add Tag
No Tags, Be the first to tag this record!

MARC

LEADER 00000naa$a2200000$$$4500
001 0259406
005 20240502074113.1
041 0 |a eng 
044 |a SK 
245 1 0 |a Organic Foods in European Union: The Brief Case of Organic Farming, Consumption, Distribution and Import of Organic Foods  |c Malgorzata A. Jarossová 
520 |a Stručná charakterizácia ekologického poľnohospodárstva, spotreby, distribúcie a dovozu biopotravín vo vybraných krajinách Európskej únie. Použité metódy analýzy a syntézy. Princípy eko-poľnohospodárstva. 
610 2 0 |a potraviny 
610 2 0 |a ekológia 
610 2 0 |a farmy 
610 2 0 |a spotreba 
610 2 0 |a distribúcia 
610 2 0 |a dovoz 
610 2 0 |a biopotraviny 
100 1 |a Jarossová, Malgorzata Agnieszka, 1978-